Statistics for Highest Scoring NBA Players of the 2020s

Click here to take the quiz!

General Stats

  • This quiz has been taken 17,313 times
    (7,636 since last reset)
  • The average score is 14 of 20

Answer Stats

PointsPlayer% Correct
6,109LeBron James
98%
7,535Giannis Antetokounmpo
93%
7,574Luka Dončić
91%
7,048Nikola Jokić
91%
6,885Joel Embiid
88%
6,066James Harden
86%
7,510Jayson Tatum
81%
6,467Damian Lillard
78%
6,868Devin Booker
77%
5,932Jaylen Brown
70%
7,441Trae Young
70%
5,598Russell Westbrook
69%
6,711Donovan Mitchell
64%
6,754DeMar DeRozan
56%
5,707Bradley Beal
55%
5,667Shai Gilgeous-Alexander
53%
5,731De'Aaron Fox
50%
6,669Zach LaVine
50%
6,343Julius Randle
44%
5,838Pascal Siakam
35%

Score Distribution

Percentile by Number Answered

Percent of People with Each Score

Your Score History

You have not taken this quiz since the last reset